000 00597nam a2200181Ia 4500
999 _c20592
_d20592
003 OSt
005 20220826145847.0
008 190216s9999||||xx |||||||||||||| ||und||
020 _a8185499314
040 _coclc
082 _a327.5482
_bLOG/C
100 1 _aLogan, William,
_d1841-1914
_92672
245 0 _aA Collection Of Treaties,Engagements And Other Papers Of Importance Relating To British Affairs In Malabar /
_cWilliam Logan
250 _a2nd Ed.
260 _bGovernment Of Kerala,
_c1951.
300 _a467p
942 _cBK
_2ddc
_h327.5482
_iLOG/C
_k327.5482
_mLOG/C